Score 0/133 Timer 10:00
0 Plays Today
Lyrics % Correct
you
92.6%
you
92.6%
you
92.6%
You
92.6%
you
92.6%
You
92.6%
You
92.6%
You
92.6%
you
92.6%
you
92.6%
You
92.6%
You
92.6%
you
92.6%
You
92.6%
You
92.6%
You
92.6%
in
88.9%
fly
88.9%
away
88.9%
electric
88.9%
bird
88.9%
fly
88.9%
electric
88.9%
away
88.9%
bird
88.9%
fly
88.9%
away
88.9%
electric
88.9%
bird
88.9%
in
88.9%
fly
88.9%
away
88.9%
electric
88.9%
bird
88.9%
the
85.2%
be
85.2%
the
85.2%
the
85.2%
be
85.2%
the
85.2%
And
81.5%
your
81.5%
your
81.5%
your
81.5%
so
81.5%
Lyrics % Correct
your
81.5%
So
81.5%
your
81.5%
so
81.5%
your
81.5%
Someone
77.8%
can't
77.8%
someone
77.8%
can't
77.8%
you're
77.8%
can't
77.8%
you're
77.8%
can't
77.8%
you're
77.8%
wings
74.1%
into
74.1%
into
74.1%
they
70.4%
Now
70.4%
they
70.4%
this
70.4%
holding
70.4%
heart
70.4%
to
70.4%
to
70.4%
now
70.4%
this
70.4%
this
70.4%
holding
70.4%
heart
70.4%
to
70.4%
clipped
66.7%
that
66.7%
perfectly
66.7%
beating
66.7%
that
66.7%
perfectly
66.7%
beating
66.7%
Yeah
63%
took
63%
art
63%
play
63%
smart
63%
art
63%
play
63%
Lyrics % Correct
smart
63%
sadly
59.3%
fell
59.3%
part
59.3%
used
59.3%
'round
59.3%
making
59.3%
magic
59.3%
fell
59.3%
part
59.3%
used
59.3%
'round
59.3%
making
59.3%
magic
59.3%
victim
55.6%
by
55.6%
cage
55.6%
victim
55.6%
tweet
51.9%
free
51.9%
plugged
48.1%
fed
48.1%
bad
48.1%
seed
48.1%
Got
48.1%
set
48.1%
stuck
48.1%
were
44.4%
Well
40.7%
yard
40.7%
there
40.7%
Well
40.7%
yard
40.7%
fluttered
37%
rooms
37%
fluttered
37%
One
29.6%
While
29.6%
all
25.9%
blinded
22.2%
staged
22.2%
day
18.5%
deceit
18.5%
Remove Ads.
Support Sporcle.
Get the best of Sporcle when you Go Orange. This ad-free experience offers more features, more stats, and more fun while also helping to support Sporcle. Thank you for becoming a member.

You're not logged in!

Compare scores with friends on all Sporcle quizzes.
OR
Log In

Show Comments

Extras

Top Quizzes Today


Score Distribution

Your Account Isn't Verified!

In order to create a playlist on Sporcle, you need to verify the email address you used during registration. Go to your Sporcle Settings to finish the process.

Report this User

Report this user for behavior that violates our Community Guidelines.

Details: